the tattooed loverboy & other drawings /

में बचाया:
ग्रंथसूची विवरण
मुख्य लेखक: LeChien, Paul
अन्य लेखक: Smith, Richard
स्वरूप: पुस्तक
भाषा:अंग्रेज़ी
प्रकाशित: Brighton (GB) Millivres Books 1991
टैग: टैग जोड़ें
कोई टैग नहीं, इस रिकॉर्ड को टैग करने वाले पहले व्यक्ति बनें!

MARC

LEADER 00000nam a2200000 4500
001 CDOM0000001145
003 mi
005 20250829191924.0
008 250829b |||||||| |||| 00| 0 eng d
020 |a 1873741030 
040 |c mi 
100 |a LeChien, Paul 
245 1 |a the tattooed loverboy & other drawings /  |c Paul LeChien. Introduction by Richard Smith 
260 |a Brighton (GB)  |b Millivres Books  |c 1991 
300 |a 54 p., tutte ill.  |c 26 cm. 
700 |a Smith, Richard 
942 |2 ddc  |c BK 
952 |0 0  |1 0  |2 ddc  |4 0  |6 B_AGF01LECPATAT11  |7 0  |9 5335  |a MI  |b MI  |d 2005-08-22  |i 4754  |l 0  |o B-AGF01-LECPA-TAT11  |p CDOM4754  |r 2025-07-13 16:27:00  |w 2025-07-13  |x ACQUISTO  |y BK 
999 |c 4255  |d 4255